000 00853nam a2200277Ia 4500
003 GCL
008 140319s9999 xx 000 0 ara d
040 _aGCL /
_cGCL
082 0 4 _a155.9
_bج ع
100 1 _aجابر عبدالحميد جابر
245 1 0 _aعلم النفس البيئى /
_cجابر عبدالحميد جابر
700 1 _aسهير انور محفوظ
700 1 _aسكينة الخليفى
260 _a[S.N] :
_bدار النهضة العربية ،
_c1991
300 _a592
490 _a
650 0 4 _aالبيئة
650 0 4 _aعلم النفس
650 0 4 _aالتحليل النفسى
650 0 4 _aنظريات
650 0 4 _aالسلوك
650 0 4 _aالبيئة والانسان
650 0 4 _aعلم النفس الاجتماعى
650 0 4 _aالتغير الاجتماعى
942 _2ddc
_cBK
999 _c31422
_d31422